000 00427nam a2200157Ia 4500
008 230711s9999||||xx |||||||||||||| ||und||
041 _aENG
082 _bSA-M
100 _aSatpathy,Sunil Kumar
245 0 _aModernisation of libraries : a challange in digital era
250 _a1st Ed.
260 _c2008
_aNew Delhi
_bMahamaya Publication House
300 _a338
650 _aLibrary and Information Science
942 _cBK
999 _c4777
_d4777